Podmienky aktivizácie priestorového riadenia investičného procesu 2. etapa: Odvetvovo-územné interakcie v riadení investičného procesu

Gespeichert in:
Bibliographische Detailangaben
Format: Buch
Sprache:Slowakisch
Veröffentlicht: Bratislava Vysoká škola ekonomická 1982
Ausgabe:1. vyd.
Tags: Tag hinzufügen
Keine Tags, Fügen Sie das erste Tag hinzu!

MARC

LEADER 00000nam a2200000 4500
001 c039603
005 20250703112925.4
041 0 |a slo 
044 |a SK 
245 1 0 |a Podmienky aktivizácie priestorového riadenia investičného procesu  |b 2. etapa: Odvetvovo-územné interakcie v riadení investičného procesu 
250 |a 1. vyd. 
264 1 |a Bratislava  |b Vysoká škola ekonomická  |c 1982 
300 |a 68 s.